| 000 | 00635nam a2200205 a 4500 | ||
|---|---|---|---|
| 005 | 20240925065402.0 | ||
| 008 | 991125s1981 mx 000 0 spa u | ||
| 020 | _a9684110413 | ||
| 035 | _aUPN01000010492 | ||
| 049 | _aCG | ||
| 050 | 4 |
_aHX550 C6 _bC648 |
|
| 245 | 0 | 0 |
_aComunicación y transición al socialismo : _bel caso Mozambique / _ccomp. Armand Mattelart ; tr. Oscar Barahona. |
| 260 |
_aMéxico : _bEra, _c1981. |
||
| 300 | _a214 p. | ||
| 440 | 0 |
_aPopular Era ; _v78 |
|
| 650 | 7 |
_aComunicación _xAspectos sociales _2 _96056 |
|
| 650 | 4 |
_aMedios masivos de comunicación _99547 |
|
| 650 | 4 |
_aSocialismo _97360 |
|
| 905 | _aLibro | ||
| 999 |
_c10492 _d10492 |
||